000 00653nam a22002297a 4500
003 UA-OsUOA
001 48083
007 ta
008 20070829b un ||||| |||| 00| 0 ukr d
100 _aЗернецкая О.В.
090 _a82.09
_bЗ-58
942 _cBK
040 _aUA-OsUOA
_brus
_cUA-OsUOA
_dUA-OsUOA
245 _aАвстралийский социальный роман 30-х годов ХХ века
300 _a291 с.
955 _a2
041 _arus
080 _a82.09
260 _aК.
_bНаукова думка
_c1982
650 7 _a82 Література. Літературознавство
_2UDC
999 _c334183
_d334183